000 00609nam a2200193Ia 4500
003 GCL
008 140319s9999 xx 000 0 ara d
040 _aGCL /
_cGCL
082 0 4 _a398.2
_bن س
100 1 _aنبيلة ابراهيم
245 1 0 _aسيرة الاميرة ذات الهمة: دراسة مقارنة /
_cنبيلة ابراهيم
260 _a[S.N] :
_bدار المريخ للنشر ،
_c1985
300 _a260 ص
490 _a
650 0 4 _aالتاريخ الاسلامى
650 0 4 _aالحضارة الاسلامية
650 0 4 _aالتاريخ العربى
942 _2ddc
_cBK
999 _c33212
_d33212